Caricamento...
The schedules tribe and other traditional forest dwellers (Recognition of forest rights) Act, 2006
| Lingua: | English |
|---|---|
| Pubblicazione: |
Delhi
Universal law publishing
2010
|
| LEADER | 00475nam a22001217a 4500 | ||
|---|---|---|---|
| 005 | 20130812132636.0 | ||
| 008 | 130812b xxu||||| |||| 00| 0 eng d | ||
| 245 | |a The schedules tribe and other traditional forest dwellers (Recognition of forest rights) Act, 2006 | ||
| 260 | |a Delhi |b Universal law publishing |c 2010 | ||
| 300 | |a 471p. | ||
| 942 | |2 ddc |c BARE ACT | ||
| 999 | |c 7294 |d 7294 | ||
| 952 | |0 0 |1 0 |2 ddc |4 0 |7 0 |9 8964 |a NUALS |b NUALS |d 2013-08-12 |l 1 |p 7170 |r 2017-03-06 |s 2017-03-06 |w 2013-08-12 |y BARE ACT | ||